The Torah story : (Registro nro. 15057)

Detalles MARC
000 -LEADER
campo de control de longitud fija 02901cam a22004814i 4500
003 - IDENTIFICADOR DE NÚMERO DE CONTROL
campo de control PE-LiUPU
005 - FECHA Y HORA DE LA ÚLTIMA TRANSACCIÓN
campo de control 20250731172904.0
008 - DATOS DE LONGITUD FIJA--INFORMACIÓN GENERAL
campo de control de longitud fija 170120s2006 xxua rb 001 0 eng d
020 ## - NÚMERO INTERNACIONAL ESTÁNDAR DEL LIBRO
Número Internacional Estándar del Libro 0310248612
020 ## - NÚMERO INTERNACIONAL ESTÁNDAR DEL LIBRO
Número Internacional Estándar del Libro 9780310248613
035 ## - NÚMERO DE CONTROL DEL SISTEMA
Número de control de sistema (Sirsi) a166314
040 ## - FUENTE DE CATALOGACIÓN
Centro catalogador/agencia de origen PE-LiUPU
Lengua de catalogación spa
Centro/agencia transcriptor PE-LiUPU
Normas de descripción rda
049 ## - FONDOS LOCALES (OCLC)
Biblioteca depositaria PRUA
082 04 - NÚMERO DE LA CLASIFICACIÓN DECIMAL DEWEY
Número de clasificación 222.1061
Cutter S29
Número de edición 22
100 1# - ENTRADA PRINCIPAL--NOMBRE DE PERSONA
Nombre de persona Schnittjer, Gary Edward.,
Término indicativo de función/relación autor.
245 14 - MENCIÓN DEL TÍTULO
Título The Torah story :
Resto del título an apprenticeship on the Pentateuch /
Mención de responsabilidad, etc. Gary Edward Schnittjer.
264 #1 - PRODUCCIÓN, PUBLICACIÓN, DISTRIBUCIÓN, FABRICACIÓN Y COPYRIGHT
Producción, publicación, distribución, fabricación y copyright Grand Rapids, Mich. :
Nombre del de productor, editor, distribuidor, fabricante Zondervan,
Fecha de producción, publicación, distribución, fabricación o copyright 2006.
300 ## - DESCRIPCIÓN FÍSICA
Extensión 589 páginas ;
Otras características físicas ilustraciones ;
Dimensiones 24 centimetros
336 ## - TIPO DE CONTENIDO
Término de tipo de contenido text
Fuente rdacontent
337 ## - TIPO DE MEDIO
Nombre/término del tipo de medio unmediated
Fuente rdamedia
338 ## - TIPO DE SOPORTE
Nombre/término del tipo de soporte volume
Fuente rdacarrier
504 ## - NOTA DE BIBLIOGRAFÍA, ETC.
Nota de bibliografía, etc. Bibliografía:páginas 553-561.
504 ## - NOTA DE BIBLIOGRAFÍA, ETC.
Nota de bibliografía, etc. Índices: páginas 563-589.
505 0# - NOTA DE CONTENIDO CON FORMATO
Nota de contenido con formato An apprenticeship on the Torah -- Introducing the Torah -- Genesis : in the beginning -- Macroview of Genesis -- The beginning (1:1-2:4) -- The garden and the exile (2:5-4:26) -- The flood and the nations (5:11) -- The Abraham narratives (12:1-25:18) -- The Jacob narratives (25:19-36:43) -- The sons of Jacob narratives (37:1-47:26) -- The last days (47:27-50:26) -- Exodus : these are the names -- Macroview of Exodus -- The river and the bush (1:4) -- The plagues and the sea (5:1-15:21) -- The wilderness and the mountain (15:22-24:18) -- The rebellion and the dwelling (25:40) -- Leviticus : and He called -- Macroview of Leviticus -- Sacrifice (1:7) -- Purity and worship (8:16) -- Holy living (17:27) -- Numbers : in the wilderness -- Macroview of Numbers -- The first generation at Sinai (1:1:10:10) -- Two generations in the wilderness (10:11-21:35) -- The second generation on the plains of Moab (22:36) -- Deuteronomy : these are the words -- Macroview of Deuteronomy -- The words (1:1-4:43) -- The ten words and the command (4:44-11:32) -- The rules and regulations (12:28) -- A view of the other side (29:34) -- Reintroducing the Torah. =630 00
-- Bible.
-- Pentateuch
-- Criticism, interpretation, etc.
526 ## - NOTA DE INFORMACIÓN SOBRE EL PROGRAMA DE ESTUDIO
Nombre del programa Segunda Especialidad En Profecías Bíblicas
526 ## - NOTA DE INFORMACIÓN SOBRE EL PROGRAMA DE ESTUDIO
Nombre del programa Segunda Especialidad En Nuevo Testamento
526 ## - NOTA DE INFORMACIÓN SOBRE EL PROGRAMA DE ESTUDIO
Nombre del programa Segunda Especialidad En Antiguo Testamento
526 ## - NOTA DE INFORMACIÓN SOBRE EL PROGRAMA DE ESTUDIO
Nombre del programa Segunda Especialidad En Estudios Adventistas
526 ## - NOTA DE INFORMACIÓN SOBRE EL PROGRAMA DE ESTUDIO
Nombre del programa Doctorado en teología
526 ## - NOTA DE INFORMACIÓN SOBRE EL PROGRAMA DE ESTUDIO
Nombre del programa Maestría en teología histórica
526 ## - NOTA DE INFORMACIÓN SOBRE EL PROGRAMA DE ESTUDIO
Nombre del programa Maestría en teología bíblica
526 ## - NOTA DE INFORMACIÓN SOBRE EL PROGRAMA DE ESTUDIO
Nombre del programa Maestría en teología
526 ## - NOTA DE INFORMACIÓN SOBRE EL PROGRAMA DE ESTUDIO
Nombre del programa Maestría en misionología
526 ## - NOTA DE INFORMACIÓN SOBRE EL PROGRAMA DE ESTUDIO
Nombre del programa Maestría en liderazgo eclesiástico
526 ## - NOTA DE INFORMACIÓN SOBRE EL PROGRAMA DE ESTUDIO
Nombre del programa Teología
596 ## -
-- 1
650 04 - PUNTO DE ACCESO ADICIONAL DE MATERIA--TÉRMINO DE MATERIA
Término de materia o nombre geográfico como elemento de entrada Biblia.
-- Pentateutico
Subdivisión general Criticismo, interpretación, etc.
910 ## - DATOS DE OPCIÓN DEL USUARIO (OCLC)
Datos de opción del usuario jck
-- jvq
-- jck
-- 20170120.
942 ## - ELEMENTOS DE ENTRADA SECUNDARIOS (KOHA)
Fuente del sistema de clasificación o colocación Clasificación Decimal Dewey
Tipo de ítem Koha
949 ## - PROCESAMIENTO DE INFORMACIÓN LOCAL (OCLC)
a 222.1061 S29
w DEWEY
c 1
i 75568
l CATALOGING
m BUL
p 26.50
r 0
s Y
t BOOK
u 2017-01-20
x TEOLOGIA
z POSGRADO TEOLOGÍA
0 COMPRA
o .CIRCNOTE. El documento es de alto precio.
-- .STAFF. Colección Teología
999 ## - NÚMEROS DE CONTROL DE SISTEMA (KOHA)
-- LC
-- 75568
-- 2021-11-9
-- 5
-- CCODEBUL1
-- BUL
-- 26.50
-- 3
-- 0
-- Y
-- BOOK
-- 2017-1-20
-- TEOLOGIA
-- P85
-- COMPRA
-- .STAFF. Colección Teología
980 ## - EQUIVALENCIA O REFERENCIA-CRUZADA-MENCIÓN DE SERIE--NOMBRE DE PERSONA/TÍTULO [LOCAL, CANADÁ]
ID del último usuario que modificó el registro 1
Nombre del último usuario que modificó el registro ALBERTO SANCHEZ Responsable de Automatización
Existencias
Visto por última vez Número de inventario Total de préstamos Signatura topográfica completa Código de barras Fecha del último préstamo Copia número Coste, precio de reemplazo Fecha de reemplazo Facultad Tipo de ítem Koha Nota pública Estado de pérdida Fuente del sistema de clasificación o colocación Restricciones de uso No para préstamo Colección Programa académico Biblioteca de origen Biblioteca actual Ubicación en estantería Fecha de adquisición Fuente de adquisición Coste, precio normal de compra
2025-12-02 6 1 222.1061 S29 75568 2024-10-09 e1 31.50 2017-01-20   Libros físicos inventario-2023-12-13 No Perdido Clasificación Decimal Dewey No restringido Disponible para préstamos Colección General Maestría en teología Biblioteca CRAI UPeU Lima Biblioteca CRAI UPeU Lima Sala principal 2017-01-20 COMPRA 26.50